| 000 | 00832cam a2200289 4500500 | ||
|---|---|---|---|
| 005 | 20260329005355.0 | ||
| 041 | _afre | ||
| 042 | _adc | ||
| 100 | 1 | 0 |
_aOrtoli, Sven _eauthor |
| 245 | 0 | 0 | _aAlain Aspect : “La physique quantique semble venir de nulle part !” |
| 260 | _c2023. | ||
| 500 | _a68 | ||
| 690 | _aAlain Aspect | ||
| 690 | _aAlbert Einstein | ||
| 690 | _aBohr | ||
| 690 | _aCalcul | ||
| 690 | _aNobel | ||
| 690 | _aOrdinateur quantique | ||
| 690 | _aPhysique | ||
| 690 | _aPhysique quantique | ||
| 690 | _aPrix Nobel | ||
| 690 | _aQuantique | ||
| 690 | _aRichard Feynman | ||
| 690 | _aScience | ||
| 786 | 0 | _nPhilosophie magazine | 170 | 6 | 2023-06-01 | p. 34-37 | 1951-1787 | |
| 856 | 4 | 1 | _uhttps://shs.cairn.info/magazine-philosophie-magazine-2023-6-page-34?lang=fr&redirect-ssocas=7080 |
| 999 |
_c1842783 _d1842783 |
||